| 000 | 00393nam a2200145Ia 4500 | ||
|---|---|---|---|
| 008 | 230711s9999||||xx |||||||||||||| ||und|| | ||
| 041 | _aENG | ||
| 082 |
_a621 _bCR-A |
||
| 100 | _aCrompton, Thomas Roy | ||
| 245 | 0 | _aAnalytical instrumentation for the water industry | |
| 250 | _a1st . Ed. | ||
| 260 |
_c1991 _aNew Delhi _bButterworth-Heinemann Ltd |
||
| 650 | _aCivil Engineering | ||
| 942 | _cBK | ||
| 999 |
_c2246 _d2246 |
||